Κλαδική ανάλυση για την επιβατηγό ναυτιλία στην Ελλάδα : [πτυχιακή εργασία]

Αποθηκεύτηκε σε:
Λεπτομέρειες βιβλιογραφικής εγγραφής
Κύριος συγγραφέας: Βεργίνας, Νικόλαος
Συγγραφή απο Οργανισμό/Αρχή: Πανεπιστήμιο Αιγαίου Τμήμα Μηχανικών Οικονομίας και Διοίκησης - Τ.Μ.Ο.Δ. Σχολή Επιστημών της Διοίκησης
Άλλοι συγγραφείς: Λιάγκουρας, Γιώργος (Εισηγητής διατριβής)
Μορφή: Thesis Βιβλίο
Γλώσσα:Greek
Δημοσίευση: 2008
Θέματα:
Διαθέσιμο Online:http://hdl.handle.net/11610/8585
Ετικέτες: Προσθήκη ετικέτας
Δεν υπάρχουν, Καταχωρήστε ετικέτα πρώτοι!

MARC

LEADER 00000cam a2200000 i 4500
001 1/91224
008 080718s2008 gre d
035 |l 10099067 
040 |a GR-MY-UA  |b gre  |e aacr 
041 0 |a gre 
082 0 |a 387.509495  |2 (22) 
100 1 |a Βεργίνας, Νικόλαος. 
245 1 0 |a Κλαδική ανάλυση για την επιβατηγό ναυτιλία στην Ελλάδα :  |b [πτυχιακή εργασία] /  |c Βεργίνας Νικόλαος ; επιβλέπων καθηγητής Λιάγκουρας Γεώργιος 
260 |c 2008 
300 |a 131 σ.;  |b πίν.;  |c 30 εκ. 
502 # # |a Πτυχιακή εργασία – Πανεπιστήμιο Αιγαίου, Χίος, 2008. 
504 |a Περιλαμβάνει βιβλιογραφία 
610 2 0 |a Πανεπιστήμιο Αιγαίου. 
650 0 0 |a Shipping  |z Greece. 
650 0 0 |a Coastwise shipping  |z Greece. 
650 0 0 |a Dissertations, Academic  |z Greece. 
700 0 |4 ths  |a Λιάγκουρας, Γιώργος. 
710 1 |a Πανεπιστήμιο Αιγαίου Τμήμα Μηχανικών Οικονομίας και Διοίκησης - Τ.Μ.Ο.Δ.  |b Σχολή Επιστημών της Διοίκησης. 
852 |a INST  |b CHIOS  |c DIATR  |e 20080718  |h 387.509495 ΒΕΡ  |p 005200031165  |q 005200031165  |t DIE  |y 23 
852 |a INST  |b CHIOS  |c DIATR  |e 20080718  |h 387.509495 ΒΕΡ  |p 005200031166  |q 005200031166  |t DIE  |y 23 
856 |u http://hdl.handle.net/11610/8585 
901 |a BIBL2-2008-2 
909 |a Χ  |b 146569 
909 |a Χ  |b 146570 
924 |a ΒΕΡΓΙΝΑΣ  |b ΝΙΚΟΛΑΟΣ  |y ΧΙΟΣ  |z 2008-07 
970 |a ΒΑΣΙΛΑΚΗ  |b ΝΙΚΗ  |z 2008/07/18